000 00701nam a22002057a 4500
008 230504s2023 xxk|||||ol|||o00| 0 eng d
041 _aeng
110 _aParliament
245 _aMobile Homes (Pitch Fees) Act 2023
260 _c2023
520 _aAn Act to amend the provisions about pitch fees in the Mobile Homes Act 1983; and for connected purposes.
650 _aCARAVAN SITES
650 _aHOUSING
650 _aMOBILE HOMES ACT 1983
650 _aMOBILE HOMES (PITCH FEES) ACT 2023
651 _aUnited Kingdom
690 _96215
_aAffordable housing
856 _uhttps://www.legislation.gov.uk/ukpga/2023/11/contents/enacted
_zAvailable on legislation.gov.uk
942 _n0
999 _c121482
_d121482